Strategie rozvoje pražské metropolitní železnice /

Hlavní autor: Tittl, Lukáš
Další autoři: Zděradička, Marek, Kříbala, Martin
Jazyk: Čeština
Vydáno: Praha : Institut plánování a rozvoje hlavního města Prahy, Sekce infrastruktury, 2018
Vydání: První vydání
Témata:
Externí odkaz: Elektronická verze dokumentu dostupná na:
Fyzický popis: 88 stran, 7 složených listů obrazových příloh : barevné ilustrace, mapy ; 29 cm
Knihy
Uloženo v:
LEADER 02587nam a2200661 i 4500
001 nkc20203171895
003 CZ PrNK
005 20210923102450.0
007 ta
008 200120s2018 xr abf f 000 0 cze
015 |a cnb003171895 
020 |a 978-80-87931-85-1  |q (brožováno) 
035 |a (OCoLC)1199989208 
040 |a BOA001  |b cze  |d OLA001  |d ABA001  |e rda 
043 |a e-xr---  |b e-xr-pg  |2 czenas 
072 7 |a 656.2  |x Železniční doprava  |2 Konspekt  |9 4 
080 |a 656.2/.3  |2 MRF 
080 |a 656.21  |2 MRF 
080 |a 656.2  |2 MRF 
080 |a 351.81  |2 MRF 
080 |a 711.4/.8  |2 MRF 
080 |a 005.21  |2 MRF 
080 |a (437.311)  |2 MRF 
080 |a (048.8)  |2 MRF 
100 1 |a Tittl, Lukáš  |7 mzk20201066053  |4 aut 
245 1 0 |a Strategie rozvoje pražské metropolitní železnice /  |c autoři Lukáš Tittl, Marek Zděradička, Martin Kříbala a kolektiv 
250 |a První vydání 
264 1 |a Praha :  |b Institut plánování a rozvoje hlavního města Prahy, Sekce infrastruktury,  |c 2018 
300 |a 88 stran, 7 složených listů obrazových příloh :  |b barevné ilustrace, mapy ;  |c 29 cm 
336 |a text  |b txt  |2 rdacontent 
336 |a statický obraz  |b sti  |2 rdacontent 
336 |a kartografický obraz  |b cri  |2 rdacontent 
337 |a bez média  |b n  |2 rdamedia 
338 |a svazek  |b nc  |2 rdacarrier 
650 0 7 |a železnice  |7 ph127917  |z Česko  |2 czenas 
650 0 7 |a železniční tratě  |7 ph127925  |z Česko  |2 czenas 
650 0 7 |a železniční doprava  |7 ph127919  |z Česko  |2 czenas 
650 0 7 |a dopravní infrastruktura  |7 ph221265  |z Česko  |2 czenas 
650 0 7 |a rozvoj měst  |7 ph137468  |z Česko  |2 czenas 
650 0 7 |a strategický management  |7 ph116291  |z Česko  |2 czenas 
650 0 9 |a railroads  |z Czechia  |2 eczenas 
650 0 9 |a railroad lines  |z Czechia  |2 eczenas 
650 0 9 |a railroad transportation  |z Czechia  |2 eczenas 
650 0 9 |a transport infrastructure  |z Czechia  |2 eczenas 
650 0 9 |a urban development  |z Czechia  |2 eczenas 
650 0 9 |a strategic planning  |z Czechia  |2 eczenas 
651 7 |a Praha (Česko)  |7 ge118011  |2 czenas 
651 9 |a Prague (Czechia)  |2 eczenas 
655 7 |a studie  |7 fd133597  |2 czenas 
655 9 |a studies  |2 eczenas 
700 1 |a Zděradička, Marek  |7 mzk20201065736  |4 aut 
700 1 |a Kříbala, Martin  |4 aut 
856 4 1 |3 Elektronická verze dokumentu dostupná na:  |u http://www.iprpraha.cz/strategiezeleznice  |4 N 
910 2 |a BOA001  |b 4-1443.133 
990 |a BK 
995 |a 01 
991 |b 202002  |c NOV 
996 6 |b 2610813703  |c 4-1443.133  |l MZK  |r Sklad / do 1 hodiny  |n 1  |p p.v.  |w 001780412  |u 000010  |a 1  |e BOA001  |j MZK50  |s P